Concreto hidráulico: usos y aplicaciones

সংরক্ষণ করুন:
গ্রন্থ-পঞ্জীর বিবরন
প্রধান লেখক: Torres Serrano, Guiselle, 1984-
অন্যান্য লেখক: Muñoz Umaña, Flor de María, 1958- Directora del TFG
বিন্যাস: গ্রন্থ
ভাষা:Spanish
প্রকাশিত: [San José], Costa Rica 2012
বিষয়গুলি:
ট্যাগগুলো: ট্যাগ যুক্ত করুন
কোনো ট্যাগ নেই, প্রথমজন হিসাবে ট্যাগ করুন!

MARC

LEADER 00000nam a22000007a 4500
003 010898
005 20230623101827.0
008 151021b2012 cr a|||| |||| 00| 0 spa d
040 |c cru CEDI  
100 |9 741  |a Torres Serrano, Guiselle, 1984- 
245 |a  Concreto hidráulico: usos y aplicaciones 
260 |a [San José], Costa Rica  |c 2012 
500 |a Proyecto de graduación (licenciatura en ingeniería civil)--Universidad de Costa Rica. Facultad de Ingeniería. Escuela de Ingeniería Civil 
501 |a Directora de Proyecto de Graduación: Ing. Flor de María Muñoz Umaña. M. Ing. I.C. 
650 |x HORMIGON  |x HORMIGON - INVESTIGACIONES   |x HORMIGON - MEZCLAS   |9 1668 
700 |9 144  |a Muñoz Umaña, Flor de María, 1958-  |d Directora del TFG 
942 |c CEDI  |h TFG 6720  |6 TFG_6720_000000000000000 
999 |c 14224  |d 14224